Score 0/27 Timer 04:00
1 Play Today
Clue 3-Letter Word % Correct
Barbie's male friendKEN
97.5%
• Need for lock-opening •• KEY •
96.5%
At a distanceFAR
96%
• Patriarch of the family •• DAD •
95%
Hearing organEAR
95%
• Apple, pecan or pumpkin, e.g. • • PIE •
94%
An autoCAR
93.9%
• Matriarch of the family •• MOM •
93.6%
Tina of '30 Rock'FEY
93.5%
A flat version of a globeMAP
92.9%
It holds back waterDAM
92.5%
The center of a peachPIT
92%
Ascot or bolo, e.g.TIE
91.2%
___ kwon doTAE
91.1%
Clue 3-Letter Word % Correct
A head topperCAP
90.7%
A little bitTAD
90.1%
• What you did all day long • • EAT •
89.6%
A serving of butterPAT
89%
An elf or pixieFAY
88.6%
• Common candied root veggie •• YAM •
87.7%
• What you need after all this •• NAP •
87.4%
Vietnamese fish sauce: nuoc ___MAM
86.5%
Talk a lotYAP
85.5%
Owen's 'Children of ___'MEN
85.2%
Rasta's catchall person termMON
82.8%
Mink around your neckFUR
82.5%
• NBC news reporter Katy •• TUR •
46.8%

Today's Daily Dose

You're not logged in!

Compare scores with friends on all Sporcle quizzes.
OR
Log In

Sporcle TV

Today on Sporcle TV


Watch our educational content, quiz creation guides, and fun videos on Sporcle TV.

Show Comments

Extras

Top Quizzes Today


Score Distribution

Paid Content

Your Account Isn't Verified!

In order to create a playlist on Sporcle, you need to verify the email address you used during registration. Go to your Sporcle Settings to finish the process.

Report this User

Report this user for behavior that violates our Community Guidelines.

Details: